00659nam a2200181Ia 4500952014200000999001700142003000400159005001700163008004100180040000900221082001800230100002800248245007700276260005200353300000900405650002100414942004200435 00102ddc40708POLITICAL SCIENCEaMESbMEScPOLd2019-02-20g99.39l0o327.73 HAN/Ap17374r2019-02-20 00:00:00w2019-02-20yBKzGL10R4 c20047d20047OSt20211112095724.0190216s9999||||xx |||||||||||||| ||und|| coclc a327.73bHAN/A aHancock, M Donald98898 0aAmerican Foreign Policy In International Perspective /cM Donald Hancock bPrentice Hall Of India Pvt Ltd,c1971.aLondon: a369p aAmerican History cBK2ddch327.73iHAN/Ak327.73mHAN/A